|
|
|
|
| LEADER |
00000caa a2200000 c 4500 |
| 001 |
1525914731 |
| 003 |
DE-627 |
| 005 |
20220604104906.0 |
| 007 |
tu |
| 008 |
160223s2002 xx ||||| 00| ||ger c |
| 020 |
|
|
|a 3631384440
|
| 035 |
|
|
|a (DE-627)1525914731
|
| 035 |
|
|
|a (DE-576)455914737
|
| 035 |
|
|
|a (DE-599)BSZ455914737
|
| 040 |
|
|
|a DE-627
|b ger
|c DE-627
|e rakwb
|
| 041 |
|
|
|a ger
|
| 100 |
1 |
|
|a Bliesener, Thomas
|d 1958-
|0 (DE-588)136096913
|0 (DE-627)574704809
|0 (DE-576)186130589
|4 aut
|
| 109 |
|
|
|a Bliesener, Thomas 1958-
|
| 245 |
1 |
0 |
|a Hooliganismus
|b Erscheinungsformen, Akteure und Gegenmaßnahmen
|c Thomas Bliesener, Friedrich Lösel
|
| 264 |
|
1 |
|c 2002
|
| 336 |
|
|
|a Text
|b txt
|2 rdacontent
|
| 337 |
|
|
|a ohne Hilfsmittel zu benutzen
|b n
|2 rdamedia
|
| 338 |
|
|
|a Band
|b nc
|2 rdacarrier
|
| 700 |
1 |
|
|a Lösel, Friedrich
|d 1945-
|0 (DE-588)12082759X
|0 (DE-627)080911617
|0 (DE-576)162022999
|4 aut
|
| 773 |
0 |
8 |
|i In
|t Aggression und Gewalt
|d Frankfurt am Main : Lang, 2002
|g (2002), Seite 31-46
|h 253 S.
|w (DE-627)342125400
|w (DE-576)097647985
|z 3631384440
|7 nnam
|
| 773 |
1 |
8 |
|g year:2002
|g pages:31-46
|
| 935 |
|
|
|a mkri
|
| 951 |
|
|
|a AR
|
| ELC |
|
|
|b 1
|
| LOK |
|
|
|0 000 xxxxxcx a22 zn 4500
|
| LOK |
|
|
|0 001 2899390848
|
| LOK |
|
|
|0 003 DE-627
|
| LOK |
|
|
|0 004 1525914731
|
| LOK |
|
|
|0 005 20260216135641
|
| LOK |
|
|
|0 008 160208||||||||||||||||ger|||||||
|
| LOK |
|
|
|0 040
|a DE-21-110
|c DE-627
|d DE-21-110
|
| LOK |
|
|
|0 689
|a s
|a Hooligans
|
| LOK |
|
|
|0 689
|a s
|a Fußballkrawalle
|
| LOK |
|
|
|0 689
|a s
|a Bekämpfung
|
| LOK |
|
|
|0 852
|a DE-21-110
|
| LOK |
|
|
|0 852 1
|m p
|9 00
|
| LOK |
|
|
|0 935
|a k110
|
| LOK |
|
|
|0 938
|k p
|
| LOK |
|
|
|0 939
|a 08-02-16
|b l01
|
| ORI |
|
|
|a WA-MARC-krimdoka001.raw
|